00469nam a22001457a 4500008004100000040001800041041000800059100003600067245008400103260004800187300001800235490002700253650002300280650002000303130821s1930 fr gr fre  aCo-BoUCMbspa00afre aShakespeare, Williamd1564-161600aBeaucoup de bruit pour riencWilliam Shakespeare ; traduction de Emile Saillens aParís (Francia)bLes Belles Lettresc1930 a221 páginas aCollection Shakespeare04aLiteratura inglesa04aTeatro inglés